000 00302nam a2200109Ia 4500
008 200302s9999 xx 000 0 und d
100 _aKamla Kant Tripathi
245 _aRoad to Excellence Japanese Management in Indian Milieu
260 _bKonark Publishers Pvt. Ltd.
260 _c1994
300 _a136 P.,
999 _c826
_d826